| 000 | 00905cam a2200241 a 4500 | ||
|---|---|---|---|
| 001 | 000012830 | ||
| 003 | DO-SdBNP | ||
| 005 | 20260206103659.0 | ||
| 008 | 040504s2002 mx b 001 0 spa c | ||
| 020 | _a9682323959 | ||
| 040 |
_aDO-SdBNP _bspa _cBNPHU _erda |
||
| 082 |
_a364.142 _bR541s |
||
| 100 | 1 |
_aRico, José María. _929674 |
|
| 245 | 1 | 0 |
_aSeguridad ciudadana en América Latina : _bhacia una política integral / _cJosé María Rico, Laura Chinchilla. |
| 260 |
_aMéxico : _bSiglo Vientiuno, _c2002. |
||
| 300 |
_a187 p. ; _c21 cm. |
||
| 504 | _aReferencias bibliográficas p. 181-187. | ||
| 650 | 7 |
_aDelitos contra la seguridad pública _zAmérica Latina _929675 _2LIBRUNAM |
|
| 650 | 7 |
_aPrevención del delito _zAmérica Latina _929676 _2LIBRUNAM |
|
| 650 | 0 |
_aAdministración de justicia penal _zAmérica Latina _988238 _2LIBRUNAM |
|
| 700 | 1 |
_aChinchilla, Laura. _929678 |
|
| 942 |
_2ddc _cLBS1 |
||
| 999 |
_c12479 _d12479 |
||